000 00332nam a2200097Ia 4500
008 220120s9999||||xx |||||||||||||| ||und||
100 _aAiyanna, Chandrashekara, Somaiah and Thimmaiah
_912709
245 0 _aPortable sutter operation
260 _aCoorg Institute of Technology
_bPonnampet
_c2018
650 _aELECTRONICS AND COMMUNICATIONS
999 _c138309
_d138309